000 00892cam a22002537a 4500
003 MX-MxUPN
005 20240305103443.0
008 240220s2019 mx|ao||cr|||| 000 0 spa d
020 _a9786075513171
040 _aMX-MxUPN
_bspa
041 0 _aspa
050 4 _aLB1644 M62
_b2019a
245 0 0 _aFormación cívica y ética :
_bsegundo grado
250 _aPrimera edición
260 _aCiudad de México :
_bSecretaría de Educación Pública, Dirección General de Materiales Educativos ,
_c2019
300 _a239 páginas :
_bilustraciones a color, fotografías
490 0 _aTelesecundaria
500 _a"Ciclo escolar 2023-2024".
650 4 _91512
_aCivismo
_xEstudio y enseñanza (Secundaria)
650 7 _91511
_aÉtica
_xEstudio y enseñanza (Secundaria)
902 _aGCH200224
_bVíctorGodínez/050324
942 _2lcc
_cLIBRO
999 _c211015
_d211015